[Event "Logumkloster-chB"]
[Site "Logumkloster"]
[Date "2009.04.21"]
[Round "1"]
[White "Hansen, Hans Ole"]
[Black "Baagoe, Hans Chr"]
[Result "1-0"]
[WhiteElo "1624"]
[BlackElo "1693"]
[PlyCount "117"]
[EventDate "2009.04.21"]
[EventType "tourn"]
[EventRounds "5"]
[EventCountry "DEN"]
[SourceTitle "EXT 2023"]
[Source "ChessBase"]
[SourceDate "2022.10.05"]
[SourceVersion "1"]
[SourceVersionDate "2022.10.05"]
[SourceQuality "1"]

1. d4 d5 2. c4 dxc4 3. Nc3 e6 4. e4 Nc6 5. Be3 Bb4 6. Bxc4 Nf6 7. f3 0-0 8. Nge2 h6 9. 0-0 a6 10. Bf2 Nh7 11. Qc2 b5 12. Bd3 Bxc3 13. bxc3 f5 14. exf5 exf5 15. Qb3+ Kh8 16. Nf4 Qd6 17. Bg3 Na5 18. Qd5 Bb7 19. Qxd6 cxd6 20. Ng6+ Kg8 21. Nxf8 Rxf8 22. Bxd6 Rf6 23. Be5 Rf7 24. Rf2 Bd5 25. g4 Ng5 26. gxf5 Nh3+ 27. Kg2 Nxf2 28. Kxf2 g5 29. Be4 Bc4 30. Rg1 Nb7 31. a3 Kf8 32. f4 Nd8 33. fxg5 hxg5 34. Rxg5 Ke7 35. f6+ Kd7 36. Rg7 Nc6 37. Rxf7+ Bxf7 38. Bxc6+ Kxc6 39. h4 Kd5 40. Ke3 Bg6 41. Kf4 Be4 42. Kg5 Ke6 43. Kh6 Kf7 44. h5 Bg2 45. Kg5 Bd5 46. h6 Kg8 47. Kf5 Kh7 48. Bf4 Bf7 49. Ke5 Kg6 50. d5 Be8 51. Ke6 Bf7+ 52. Ke5 Be8 53. d6 Bd7 54. Bg5 Bh3 55. Kd5 Kf7 56. Kc5 a5 57. Kb6 b4 58. cxb4 axb4 59. axb4 1-0